000 00290nam a2200121Ia 4500
008 190216s9999||||xx |||||||||||||| ||und||
100 _aJoseph Jacobs
245 0 _aEnglish Fairy Tales
260 _bSomaiya Publications Pvt Ltd
_c1967
300 _a307p
650 _aSpeeches
942 _cBK
999 _c11888
_d11888